Catalog

Record Details

Catalog Search



Světice Anežka Přemyslovna  Cover Image Book Book

Světice Anežka Přemyslovna / Jaroslav Polc

Record details

  • Physical Description: 165 stran : ilustrace ; 22 cm
  • Edition: Vydání první
  • Publisher: V Praze : Česká katolická charita, 1988

Content descriptions

General Note:
"Vydala Česká katolická charita péčí Sdružení katolických duchovních Pacem in terris v ČSR v Ústředním církevním nakladatelství"--Tiráž
Bibliography, etc. Note:
Obsahuje bibliografické odkazy
Subject: Anežka Česká, svatá, 1205-1282
křesťanské světice > Česko > 13. století
klarisky > Česko > 13. století
abatyše > Česko > 13. století
Genre: biografie

Available copies

  • 1 of 1 copy available at Common Catalog SPOK.

Holds

  • 0 current holds with 1 total copy.
Show Only Available Copies
Location Call Number / Copy Notes Barcode Shelving Location Status Due Date
Jabok Library CD-8.14.1 424480002273 Odborná literatura Available -

LDR 00000cam a2200205Ka 4500
00112783
003CZ-PrJAB
00520200318125906.0
007ta
008910502s1988 xr a g 000 1bcze
015 . ‡acnb000059846
020 . ‡q(Vázáno) : ‡cKčs 65,00
035 . ‡a(OCoLC)39439172
040 . ‡aABA001 ‡bcze ‡dABA001 ‡erda
043 . ‡ae-xr---
045 . ‡aq0y1
072 7. ‡a27 ‡xKřesťanství. Křesťanská církev všeobecně. Eklesiologie ‡2Konspekt ‡95
072 7. ‡a929 ‡xBiografie ‡2Konspekt ‡98
080 . ‡a929 ‡2MRF
080 . ‡a27-36-055.2 ‡2MRF
080 . ‡a27-789.32-055.2 ‡2MRF
080 . ‡a27-726.2-055.2 ‡2MRF
080 . ‡a(092) ‡2MRF
1001 . ‡aPolc, Jaroslav V. ‡q(Jaroslav Václav), ‡d1929-2004 ‡7jn20000402021 ‡4aut
24510. ‡aSvětice Anežka Přemyslovna / ‡cJaroslav Polc
250 . ‡aVydání první
264 1. ‡aV Praze : ‡bČeská katolická charita, ‡c1988
300 . ‡a165 stran : ‡bilustrace ; ‡c22 cm
336 . ‡atext ‡btxt ‡2rdacontent
337 . ‡abez média ‡bn ‡2rdamedia
338 . ‡asvazek ‡bnc ‡2rdacarrier
500 . ‡a"Vydala Česká katolická charita péčí Sdružení katolických duchovních Pacem in terris v ČSR v Ústředním církevním nakladatelství"--Tiráž
504 . ‡aObsahuje bibliografické odkazy
60007. ‡aAnežka Česká, ‡csvatá, ‡d1205-1282 ‡7jn20000720008 ‡2czenas
648 7. ‡a13. století ‡7ch460551 ‡2czenas
648 4. ‡a1205-1282
65007. ‡akřesťanské světice ‡7ph122127 ‡zČesko ‡y13. století ‡2czenas
65007. ‡aklarisky ‡7ph138560 ‡zČesko ‡y13. století ‡2czenas
65007. ‡aabatyše ‡7ph616006 ‡zČesko ‡y13. století ‡2czenas
655 7. ‡abiografie ‡7fd131909 ‡2czenas
7102 . ‡aKatolická církev. ‡bČeská katolická charita ‡7kn20010725039 ‡4pbl
910 . ‡aABG312
995 . ‡aska
901 . ‡a12783 ‡bSystem Local ‡c12783 ‡tbiblio

Additional Resources